| 000 | 01277nam a2200301 c 4500 | ||
|---|---|---|---|
| 003 | BLK | ||
| 005 | 20180422115217.0 | ||
| 008 | 180411b bul|||||r ||||||| ||bul|| | ||
| 010 | _aKNG00191140000 | ||
| 040 | _aBLK | ||
| 041 |
_aBUL _cBUL |
||
| 080 |
_aИкономически науки в цялост. Политическа икономия. Вж и 338 ; 65 _b330 _x(075.8) _z330(075.8) |
||
| 100 | 1 |
_aГригоров, Кирил Йорданов _eпърви автор _9381301 |
|
| 139 |
_aГригоров, Кирил Йорданов _bГ 82 |
||
| 245 | 1 | 0 |
_aИстория на икономическите учения _bУчебник за студентите от ВИИ _cКирил Йорданов Григоров. |
| 250 | _a6. доп. и прераб. изд | ||
| 257 | _aBGR | ||
| 260 |
_аСофия _bНаука и изкуство _c1982 _fПлевен : Ал. Пъшев |
||
| 300 |
_a727 с. _c22 см |
||
| 380 | _a3 | ||
| 650 | 4 |
_aПолитическа икономия - учебници за ВУЗ _9255238 |
|
| 653 | _aикономически учения | ||
| 852 | _aЦб 113004 | ||
| 856 | 4 |
_qpdf _u |
|
| 856 | 4 |
_qpdf _u |
|
| 942 |
_cKNG _n0 |
||
| 944 |
_aCR _c29.09.2016 _kТеодора_Стоянова |
||
| 944 |
_aED _c29.09.2016 _kТеодора_Стоянова |
||
| 999 |
_c182217 _d182217 |
||